000
00327nam a2200145Ia 4500
005
20251222152016.0
008
251222s9999||||xx |||||||||||||| ||spa||
020
_a
844067581X
082
_a
813.54/G81
100
_a
Grisham, John
245
0
_a
El Socio
250
_a
1ra.ed.
264
_b
Ediciones Grupo Zeta
942
_c
LIB
999
_c
25098
_d
25098